|
|
|
|
| LEADER |
00707cam a2200205 7i4500 |
| 001 |
0000004360 |
| 005 |
20170218090000.0 |
| 020 |
|
|
|a 0471388823 (pbk.)
|
| 090 |
0 |
0 |
|a PN4193.L4
|b B59 2001
|
| 100 |
1 |
|
|a Bly, Robert W
|
| 245 |
1 |
0 |
|a Getting started in speaking, training, or seminar consulting
|c Robert W. Bly.
|
| 260 |
|
|
|a New York:
|b John Wiley & Sons,
|c 2001.
|
| 300 |
|
|
|a xi, 260 p.:
|b ill.;
|c 24 cm.
|
| 490 |
0 |
|
|a The getting started in series
|
| 500 |
|
|
|a Includes index
|
| 650 |
0 |
0 |
|a Training
|
| 650 |
0 |
0 |
|a Lectures and lecturing
|
| 650 |
0 |
0 |
|a Public speaking
|
| 997 |
|
|
|a Communication, Visual Art & Computing, Faculty
|b Computing, Department
|
| 999 |
|
|
|a 0000017756
|b BOK
|c OPEN SHELF
|e 1st Floor, Bestari Jaya
|